000 00606nam a22002417a 4500
003 UA-OsUOA
001 31705
007 ta
008 20050111b un ||||| |||| 00| 0 ukr d
100 _aЕрусалимский А. С.
090 _a94(430)
_bЕ79
942 _cBK
040 _aUA-OsUOA
_brus
_cUA-OsUOA
_dUA-OsUOA
245 _aБисмарк. Дипломатия и милитаризм
300 _a286 с.
_bІлюстрації
955 _a0
041 _arus
080 _a94(430)
260 _aМосква
_bНаука
_c1968
044 _aRU
650 7 _2UDC
999 _c318135
_d318135